000 00312nam a2200145Ia 4500
005 20260330112750.0
008 260330s9999||||xx |||||||||||||| ||und||
020 _a9681642709
041 _aspa
245 0 _aCambios /
250 _a1 ed.
260 _aMexico :
_bFce.
_c1993
650 _aCUENTO
942 _cBKL
999 _c3460
_d3460